000 00533nam a2200181Ia 4500
008 090124s9999 xx 000 0 und d
082 _b19058
_a1286
100 _aपाटणकर ग.शि.
245 _a कीर्तन हष्टांत
250 _a1
260 _c1974
300 _a128
600 _aपाटणकर ग.शि.
630 _a कीर्तन हष्टांत
700 _aपाटणकर ग.शि.
730 _a कीर्तन हष्टांत
942 _cBOOK
999 _c132999
_d132999